First Name Jamboree Quiz Stats

 Plays Quiz Updated Jan 21, 2019

Support Sporcle.
Go Orange.
Score 0/40 Timer 04:00
2 Plays Today
What's the first name of... First name % Correct
...Lara Croft's first cinematic portrayer?Angelina
85.9%
...the first man to walk on the moon?Neil
85.5%
...Fred Flintstone's pet dinosaur?Dino
85.3%
...the eldest son of Prince Charles and Princess Diana?William
85.2%
...Bruce Willis' character in 'Die Hard'?John
74.1%
...Scooby-Doo's 'Let me at 'em' nephew?Scrappy
63.6%
...the woman credited with making the first U.S. flag?Betsy
60.8%
...the tongue-lolling, yellow-furred dog in 'Garfield'?Odie
56.8%
...Donald Trump's first wife?Ivana
55.7%
...Archie Bunker's wife?Edith
55.5%
...Ron Howard's character on 'The Andy Griffith Show'?Opie
52.2%
...Frank Zappa's eldest daughter?Moon
49.8%
...President James Madison's wife?Dolley
47.3%
...Walter Mondale's vice presidential running mate?Geraldine
46.4%
...the actor who starred in Gladiator and Walk the Line?Joaquin
44.5%
...Bud Abbott's long-time sidekick?Lou
43.4%
...Oliver Hardy's long-time sidekick?Stan
43.2%
...the snowboarder known as the Flying Tomato?Shaun
42.5%
...Robert Kennedy's assassin?Sirhan
41.5%
...basketball's inventor?James
41%
What's the first name of... First name % Correct
...comedian George Burns' wife of nearly 40 years?Gracie
39.2%
...the owner of the Dallas Cowboys?Jerry
37.1%
...the Knick, Rocket and Laker known as Lin-sanity, et al?Jeremy
35.8%
...the boy who finds E.T.?Elliott
35.5%
...the explorer associated with the Fountain of Youth?Juan
34.8%
...either Blues brother from the 'Blues Brothers' movie?Jake or Elwood
34.5%
...Barbie's younger sister introduced in 1964?Skipper
31.9%
...youngest Brontë and author of 'Agnes Grey'?Anne
30.2%
...Jimmy Carter's daughter?Amy
30%
...the U.S. Attorney General under Bill Clinton?Janet
27.2%
...the Go-Go's lead singer?Belinda
26.9%
...the original host of 'The Tonight Show'?Steve
26.5%
...ventriloquist Edgar Bergen's monocled dummy?Charlie
24.3%
...Sarah Palin's husband?Todd
23.9%
...the NFL's all-time leading rusher (total yards)?Emmitt
22.4%
...Dell Computer's founder?Michael
20.9%
...Albus Dumbledore's younger brother?Aberforth
18%
...the actress who voices Marge Simpson?Julie
14.7%
...Snoopy's thin, mustachioed sibling?Spike
10.4%
...the school bully in 'Calvin & Hobbes'?Moe
6.7%

You're not logged in!

Compare scores with friends on all Sporcle quizzes.
OR
Log In
Forgot?

From the Vault

Lively Letters Logic Puzzle

by brez002

We're throwing everything we know at this one.
Remove Ads.
Support Sporcle.
Get the best of Sporcle when you Go Orange. This ad-free experience offers more features, more stats, and more fun while also helping to support Sporcle. Thank you for becoming a member.

Show Comments

Extras

Top Quizzes Today


Score Distribution

Your Account Isn't Verified!

In order to create a playlist on Sporcle, you need to verify the email address you used during registration. Go to your Sporcle Settings to finish the process.

Report this User

Report this user for behavior that violates our Community Guidelines.

Details: